deepwoken mantras - Statistics

General Stats
  • This quiz has been taken 62 times
    60 since last reset
  • The average score is 51 of 223
Answer Stats
attunement star Answer % Correct
flamecharm 0 fire blade
89%
flamecharm 0 flame grab
69%
flamecharm 0 fire gun
62%
flamecharm 3 ashslam
60%
flamecharm 2 flame wisp
51%
flamecharm 2 rising flame
51%
flamecharm 0 flame repulsion
49%
strength 0 strong left
47%
flamecharm 0 burning servants
44%
flamecharm 1 fire forge
44%
flamecharm 2 flame leap
44%
flamecharm 0 flame blind
42%
galebreathe 2 gale wisp
42%
contractor 0 judgement
42%
fortitude 0 shoulder bash
42%
willpower 0 exhaustion strike
40%
flamecharm 1 graceful flame
40%
fortitude 0 reinforce
40%
shadowcast 0 shadow gun
40%
frostdraw 2 frost wisp
38%
agility 0 revenge
38%
charisma 0 taunt
38%
galebreathe 1 tornado
38%
agility 0 dash
36%
flamecharm 1 fire eruption
36%
galebreathe 1 gale lunge
36%
frostdraw 2 ice lance
36%
charisma 0 sing
36%
bloodrend 2 blood wisp
33%
flamecharm 1 fire palm
33%
flamecharm 2 flame assault
33%
flamecharm 2 flame sentinel
33%
frostdraw 2 frost grab
33%
willpower 0 gaze
33%
thundercall 0 lightning blade
33%
dawnwalker 0 radiant kick
33%
strength 0 rapid punches
33%
flamecharm 2 relentless flame
33%
galebreathe 2 rising wind
33%
intelligence 0 summon cauldron
33%
galebreathe 3 astral wind
31%
flamecharm 3 flame ballista
31%
flamecharm 0 flame of denial
31%
flamecharm 3 flaming scourge
31%
galebreathe 1 gale punch
31%
frostdraw 1 ice blade
31%
frostdraw 3 ice cubes
31%
intelligence 0 prediction
31%
strength 0 skyshatter kick
31%
thundercall 1 thunderkick
31%
thundercall 2 thunder wisp
31%
galebreathe 2 wind gun
31%
arcwarder 0 arc suit
29%
dawnwalker 0 blinding dawn
29%
monster 0 dread breath
29%
intelligence 0 ether barrage
29%
frostdraw 0 frozen servants
29%
thundercall 2 grand javelin
29%
frostdraw 0 ice beam
29%
jetstriker 0 jet kick
29%
heavy weapon 0 onslaught
29%
hallowtide 0 pumpkin pitch
29%
light weapon 0 rapid slashes
29%
thundercall 3 rising thunder
29%
strength 0 table flip
29%
galebreathe 3 wind passage
29%
soulbreaker 0 ardour slicer
27%
bloodrend 1 blood edge
27%
bloodrend 0 blood orb
27%
monster 0 enforcer pull
27%
galebreathe 1 gale trap
27%
willpower&charisma 0 glare
27%
medium weapon 0 masters flourish
27%
ironsing 0 metal rampart
27%
ironsing 2 metal wisp
27%
heavy weapon 0 pressure blast
27%
dawnwalker 0 radiant dawn
27%
fortitude 0 rally
27%
frostdraw 2 rising frost
27%
strength 0 strong leap
27%
galebreathe 1 twister kicks
27%
frostdraw 0 wardens blades
27%
galebreathe 0 wind blade
27%
arcwarder 0 arc beam
24%
monster 0 beast burrow
24%
galebreathe 2 champion's whirlthrow
24%
shadowcast 0 dark blade
24%
shadowcast 3 eclipse kick
24%
frostdraw 3 iceberg
24%
frostdraw 1 ice dagger
24%
frostdraw 3 ice skate
24%
frostdraw 1 ice smash
24%
medium weapon 0 prominence draw
24%
heavy weapon 0 punishment
24%
shadowcast 2 shade wisp
24%
galebreathe 2 wind carve
24%
galebreathe 0 air force
22%
arcwarder 0 arc wave
22%
light weapon 0 ceaseless slashes
22%
monster 0 coral spear
22%
jetstriker 0 fake strike
22%
frostdraw 2 ice carve
22%
frostdraw 1 ice forge
22%
thundercall 0 joltgrab
22%
thundercall 3 lightning cloak
22%
soulbreaker 0 rhythm advance
22%
flamecharm 1 searing snare
22%
shadowcast 1 shade devour
22%
shadowcast 2 shadow assault
22%
blindseer 0 sightless beam
22%
thundercall 3 spark swap
22%
soulbreaker 0 tacet kick
22%
galebreathe 0 tornado kick
22%
starkindred 0 ascension
20%
fortitude 0 brace
20%
frostdraw 2 crystal impale
20%
frostdraw 1 glacial arc
20%
galebreathe 1 heavenly wind
20%
frostdraw 1 ice chain
20%
ironsing 3 iron hug
20%
saltchemist 0 lethal injection
20%
thundercall 2 lightning assault
20%
thundercall 0 lightning beam
20%
blindseer 0 mindsoothe
20%
ironsing 2 oxidizing rush
20%
ice+shadow 2 permafrost prison
20%
galebreathe 3 pillars of erisia
20%
shadowcast 1 shadow chains
20%
blindseer 0 tranquil circle
20%
agility and strength 0 twin strikes
20%
galebreathe 1 updraft
20%
galebreathe 1 wind forge
20%
agility 0 adrenaline surge
18%
bloodrend 3 bloodcurdle
18%
thundercall 2 bolt piercer
18%
shadowcast 0 clutching shadow
18%
frostdraw 2 crystal knee
18%
charisma 0 dread whisper
18%
contractor 0 equalizer
18%
medium weapon 0 flashdraw strike
18%
frostdraw 2 ice flock
18%
light weapon 0 karita leap
18%
thundercall 1 lightning strike
18%
contractor 0 lords slice
18%
ironsing 3 metal gatling
18%
ironsing 2 metal rain
18%
bladeharper 0 palmstrike
18%
bloodrend 0 scarlet cyclone
18%
shadowcast 3 shade bringer
18%
shadowcast 2 shadow meteors
18%
starkindred 0 sinister halo
18%
monster 0 brachial spear
16%
ironsing 2 caltrops
16%
starkindred 0 celestial assault
16%
fadetrimmer 0 close shave
16%
bladeharper 0 decimate
16%
thundercall 1 electro carve
16%
flamecharm 2 flare volley
16%
thunder+flame 3 flashfire sweep
16%
frostdraw 1 ice eruption
16%
frostdraw 2 ice lasers
16%
frostdraw 0 ice spikes
16%
chainwarden 0 impel
16%
ironsing 3 iron slam
16%
thundercall 1 lightning clones
16%
ironsing 2 metal ball
16%
ironsing 1 metal kick
16%
shadowcast 2 rising shadow
16%
shadowcast 1 shadow eruption
16%
monster 0 abyssal ridge
13%
thundercall 3 emotion wave
13%
ironsing 2 firing line
13%
frostdraw 3 ice fissure
13%
ironsing 1 ironskin
13%
thundercall 1 lightning impact
13%
thundercall 1 lightning stream
13%
monster 0 mecha gatling
13%
ironsing 0 metal eruption
13%
ironsing 2 metal turrret
13%
intelligence 0 neural pathway
13%
bloodrend 2 razor blitz
13%
ironsing 3 rocket lance
13%
shadowcast 2 shade step
13%
shadowcast 3 shadow vortex
13%
strength 0 tacet drop kick
13%
medium weapon 0 twincleave
13%
bloodrend 3 bloodtide ritual
11%
bloodrend 0 crucifixion
11%
charisma 0 disguise
11%
thunder+iron 2 iron tether
11%
light weapon 0 karita divebomb
11%
ironsing 0 needle barrage
11%
chainwarden 0 restrain
11%
chainwarden 0 rupture
11%
monster 0 whirling blade
11%
saintsworn 0 blade of saints
9%
visionshaper 0 illusory servants
9%
ironsing 3 metal armament
9%
bloodrend 1 sanguine dive
9%
thundercall 2 storm blades
9%
linkstrider 0 symbiotic sustain
9%
bloodrend 2 veinbreaker
9%
bloodrend 1 bloodstakes
7%
bloodrend 2 crimson surge
7%
shadowcast 1 encircle
7%
thundercall 1 fleeting sparks
7%
visionshaper 0 illusory counter
7%
ironsing 2 iron quills
7%
fadetrimmer 0 precision cuts
7%
shadowcast 2 shadow roar
7%
shadowcast 1 shadow seekers
7%
medium weapon 0 slicendice
7%
bloodrend 1 vicious descent
7%
ironsing 1 chainpull
4%
bloodrend 2 crimson rain
4%
shadowcast 2 devouring eye
4%
ironsing 2 metal fakeout
4%
visionshaper 0 mirror illusion
4%
linkstrider 0 parasitic leech
4%
bloodrend 2 scarlet cannon
4%
thunder+gale 2 tempest blitz
4%
bloodrend 2 vein tendrils
4%
bloodrend 2 soulflare siphon
2%
No matching quizzes found
Score Distribution
Percent of People with Each Score
Percentile by Number Answered
Your Score History
You have not taken this quiz since the last reset